[Event "9. Korbacher Open 2017"]
[Site "Korbach"]
[Date "2017.10.19"]
[Round "1"]
[White "Nielsen, Klaus"]
[Black "Basovskiy, Jana"]
[Result "1-0"]
[WhiteElo "2092"]
[BlackElo "1825"]
[Annotator "NA RC"]
[PlyCount "113"]
[EventDate "2017.??.??"]
[EventType "swiss"]
[EventCountry "GER"]
[SourceTitle "playchess.com"]
[Source "ChessBase"]
[SourceQuality "1"]
[TimeControl "40/5400+30:1800+30"]

{[%evp 8,113,10,12,32767,-20,-6,32767,32767,-8,0,-9,-10,-17,-6,-35,-4,-21,17,-33,-16,-37,-33,-32,-33,-39,-14,-39,-33,107,-47,-83,-72,-66,32767,32767,-35,-93,32767,32767,-97,-102,-94,-92,-75,32767,-45,-91,-52,-49,-56,-102,-87,-108,-79,-91,0,-19,0,0,0,32767,0,-241,-243,-229,-123,-259,-257,-267,-64,-227,162,156,177,190,298,375,410,422,345,123,105,0,-4,-50,27,0,133,177,348,475,460,493,3147,2235,3172,32767,32767,32767,32767,32767,32767,32767,29989,29990,29990,29989]} 1. d4 {[%emt 0:00:00]} d5 {[%emt 0:00:03]} 2. Nf3 {[%emt 0:00:19]} Nf6 {[%emt 0:00:36]} 3. e3 {[%emt 0:01:56]} e6 {[%emt 0:00:25]} 4. Bd3 {[%emt 0:00:07]} Be7 {[%emt 0:00:19]} 5. Nbd2 {[%emt 0:00:24]} O-O {[%emt 0:01:26]} 6. Ne5 {[%emt 0:02:49]} b6 {[%emt 0:03:38]} 7. O-O {[%emt 0:03:26]} Bb7 {[%emt 0:00:35]} 8. f4 {[%emt 0:11:58]} Nbd7 {[%emt 0:03:05] D05: Colle System with ...e6} (8... Ne4 9. Nxe4 dxe4 10. Bc4 Nd7 11. Qh5 Nf6 12. Qh3 c5 13. g4 cxd4 14. g5 Nd5 15. exd4 Qc8 16. Bb3 {½-½ (59) Starostits,I (2413)-Ladva,O (2510) Parnu 2016}) 9. Qf3 {[%emt 0:00:50]} c5 {[%emt 0:01:50]} 10. c3 {[%emt 0:00:47] LiveBook: 6 Games} Rc8 {[%emt 0:04:54]} 11. g4 {[%emt 0:04:47]} Ne8 {[%emt 0:07:56]} 12. Qh3 {[%emt 0:04:02]} g6 $146 {[%emt 0:06:06]} ({Predecessor:} 12... Ndf6 13. Qg2 Nd6 {0-1 (32) Perk,E-Poehl,H Wingst 1999}) 13. Ndf3 {[%emt 0:02:57]} Nd6 {[%emt 0:08:30]} 14. Nxd7 {[%emt 0:12:35]} Qxd7 {[%emt 0:00:35]} 15. Ne5 {[%emt 0:00:33]} Qd8 {[%emt 0:00:29]} 16. Rf3 {[%emt 0:08:40]} Kg7 {[%emt 0:08:52]} 17. g5 {[%emt 0:09:58]} Rh8 {[%emt 0:00:53]} 18. Qh6+ {[%emt 0:07:54]} (18. Qg2 $15) 18... Kg8 {[%emt 0:00:23]} 19. Bd2 {[%emt 0:01:19]} Nf5 {[%emt 0:02:30]} 20. Bxf5 {[%emt 0:02:59]} exf5 {[%emt 0:00:29]} 21. Rg3 {[%emt 0:06:28]} Qf8 {[%emt 0:06:05]} 22. Qh3 {[%emt 0:00:19]} (22. Qxf8+ $11 Rxf8 23. a4) 22... h6 {[%emt 0:02:00]} 23. gxh6 {[%emt 0:02:56]} Qxh6 {[%emt 0:04:34]} 24. Qg2 {[%emt 0:00:23]} Kg7 {[%emt 0:03:06]} 25. Nf3 {[%emt 0:03:55]} Rh7 {[%emt 0:14:05]} 26. Qe2 {[%emt 0:03:33]} Rch8 {[%emt 0:05:19]} 27. Be1 {[%emt 0:01:59]} Re8 {[%emt 0:03:04]} 28. Qb5 {[%emt 0:00:31]} Rhh8 $1 {[%emt 0:03:50]} 29. Qd3 {[%emt 0:01:52]} Bf6 {[%emt 0:02:56]} 30. Rg2 {[%emt 0:00:16]} Qh5 {[%emt 0:01:53]} 31. Ne5 {[%emt 0:00:41]} Bxe5 {[%emt 0:02:52]} (31... c4 $17 32. Qc2 a6) 32. fxe5 {[%emt 0:00:02]} Qf3 {[%emt 0:00:33]} 33. Bg3 {[%emt 0:00:28]} cxd4 {[%emt 0:01:02]} 34. Qxd4 {[%emt 0:01:24]} Qe4 {[%emt 0:00:49]} 35. Qd2 $2 {[%emt 0:02:46] [#]} (35. Bf4 $11) 35... d4 $1 {[%emt 0:01:24]} 36. exd4 {[%emt 0:01:19]} Qxg2+ {[%emt 0:00:02]} 37. Qxg2 {[%emt 0:00:03]} Bxg2 {[%emt 0:00:30]} 38. Kxg2 {[%emt 0:00:30]} Rd8 $2 {[%emt 0:00:50]} (38... g5 $19 39. Re1 f4) 39. Rd1 $2 {[%emt 0:00:27]} ({White should play} 39. h4 $15) 39... Rhe8 $4 {[%emt 0:00:07]} (39... g5 $19 {and life is good for Black.} 40. h4 f4) 40. Bh4 {[%emt 0:00:39]} Rc8 {[%emt 0:30:42]} 41. Bf6+ {[%emt 0:30:10]} Kh6 {[%emt 0:00:00]} (41... Kf8 {might work better.} 42. d5 Re7) 42. d5 {[%emt 0:00:00]} Rc7 {[%emt 0:00:00]} 43. d6 {[%emt 0:00:00]} Rd7 {[%emt 0:00:00]} 44. Rd4 $2 {[%emt 0:00:00]} (44. Kf3 $18 {has better winning chances.}) 44... g5 {[%emt 0:00:00]} 45. Rc4 $2 {[%emt 0:00:00]} ({Better is} 45. c4 $18) 45... Kg6 {[%emt 0:00:00]} 46. a4 {[%emt 0:00:00]} Rb8 {[%emt 0:00:00]} (46... Re6 $15 47. Rd4 Rxf6 48. exf6 Kxf6) 47. b4 {[%emt 0:00:00] [#]} f4 {[%emt 0:00:00] [#]} (47... Rxd6 $1 $11 {[%mdl 512] keeps the balance.} 48. exd6 Kxf6) 48. h4 $1 {[%emt 0:00:00]} gxh4 $2 {[%emt 0:00:00]} (48... a6 {was necessary.}) 49. Rxf4 {[%emt 0:00:00]} Rc8 {[%emt 0:00:00]} 50. c4 {[%emt 0:00:00]} Rg8 {[%emt 0:00:00]} (50... Rb7 $142 51. Bxh4 Kh5) 51. Rg4+ {[%emt 0:00:00]} Kh7 {[%emt 0:00:00]} 52. Rxg8 {[%emt 0:00:00]} Kxg8 {[%emt 0:00:00]} 53. c5 {[%emt 0:00:00]} bxc5 {[%emt 0:00:00]} 54. bxc5 {[%emt 0:00:00]} Rb7 {[%emt 0:00:00]} 55. c6 {[%emt 0:00:00]} Rb2+ {[%emt 0:00:00]} 56. Kh3 {[%emt 0:00:00]} Rb3+ {[%emt 0:00:00]} 57. Kxh4 {[%emt 0:00:00]} 1-0

[Event "9. Korbacher Open 2017"]
[Site "Korbach"]
[Date "2017.10.19"]
[Round "1"]
[White "Koellner, Christof"]
[Black "Powalla, Christian"]
[Result "1-0"]
[WhiteElo "2073"]
[BlackElo "1816"]
[Annotator "NA"]
[PlyCount "47"]
[EventDate "2017.??.??"]
[EventType "swiss"]
[EventCountry "GER"]
[SourceTitle "playchess.com"]
[Source "ChessBase"]
[SourceQuality "1"]
[TimeControl "40/5400+30:1800+30"]

{[%evp 8,47,29,24,76,32767,32767,46,93,90,100,78,88,95,89,108,121,32767,102,89,95,130,122,101,110,111,122,106,193,32767,281,284,285,295,271,314,418,567,32767,489,1666,2044]} 1. d4 {[%emt 0:00:00]} Nf6 {[%emt 0:00:05]} 2. Bg5 {[%emt 0:00:18]} d5 {[%emt 0:01:18]} 3. e3 {[%emt 0:00:04]} Ne4 {[%emt 0:05:32]} 4. Bf4 {[%emt 0:00:16]} Nd7 {[%emt 0:03:06] A45: Trompowsky Attack} (4... Bf5 5. f3 Nd6 6. Nc3 e6 7. Qe2 Nc6 8. O-O-O Be7 9. e4 Bg6 10. exd5 exd5 11. Nxd5 O-O 12. Nxe7+ Nxe7 13. d5 {½-½ (40) Martinovic,S (2565)-Georgiev,K (2631) Mali Losinj 2017}) 5. Bd3 {[%emt 0:00:51]} Ndf6 {[%emt 0:03:27]} 6. f3 {[%emt 0:01:10]} Nd6 {[%emt 0:00:14]} 7. Nd2 {[%emt 0:07:19]} Nf5 $146 {[%emt 0:17:36]} ({Predecessor:} 7... g6 8. e4 dxe4 9. fxe4 Bg4 10. Ngf3 Bg7 11. h3 Bd7 12. Bh2 Nc8 13. c4 O-O 14. O-O c6 15. Qe1 Be8 16. Qe3 Nd7 17. e5 {1-0 (17) Stamenkovic,D (2382)-Stankovic,D (2287) Valjevo 2010}) 8. g4 {[%emt 0:04:48]} Nd6 {[%emt 0:01:02]} 9. h4 {[%emt 0:01:42]} h5 {[%emt 0:02:54]} 10. g5 {[%emt 0:03:12]} Nd7 {[%emt 0:02:42]} 11. g6 {[%emt 0:04:09]} f6 {[%emt 0:02:07]} 12. c4 {[%emt 0:05:12]} dxc4 {[%emt 0:06:14]} 13. Nxc4 {[%emt 0:04:22]} Nb6 {[%emt 0:05:21]} 14. Nxb6 {[%emt 0:07:22]} axb6 {[%emt 0:08:23]} 15. Qb3 {[%emt 0:04:16]} e6 {[%emt 0:00:54]} 16. Ne2 {[%emt 0:01:45]} Bd7 {[%emt 0:05:31]} 17. e4 {[%emt 0:10:51]} Qe7 {[%emt 0:06:20]} (17... Be7 $16) 18. Rc1 {[%emt 0:02:24]} Rc8 $2 {[%emt 0:03:52]} (18... Bc6 $16) 19. e5 {[%emt 0:12:56]} Nf5 {[%emt 0:02:42]} 20. Kf2 {[%emt 0:07:18]} fxe5 {[%emt 0:04:59]} 21. Bxe5 {[%emt 0:02:21]} ({Less strong is} 21. dxe5 Qb4 $16) 21... Nxh4 {[%emt 0:07:33]} 22. Nf4 {[%emt 0:01:23]} Bc6 {[%emt 0:03:14]} 23. Be4 {[%emt 0:03:23]} Nf5 $18 {[%emt 0:02:18]} (23... Bxe4 $142 24. fxe4 Rh6 25. Nxe6 c5 26. Nxf8 (26. Qxb6 Rxg6 27. Qb5+ Rc6 $11) 26... Qxf8+ 27. Qf7+ Qxf7+ 28. gxf7+ Kxf7 29. Rxh4 g5) 24. Rxc6 {[%emt 0:01:06]} 1-0

[Event "9. Korbacher Open 2017"]
[Site "Korbach"]
[Date "2017.10.19"]
[Round "1"]
[White "Braun, Ingram"]
[Black "Achermann, Didier"]
[Result "1-0"]
[WhiteElo "2042"]
[BlackElo "1811"]
[Annotator "NA RC"]
[PlyCount "55"]
[EventDate "2017.??.??"]
[EventType "swiss"]
[EventCountry "GER"]
[SourceTitle "playchess.com"]
[Source "ChessBase"]
[SourceQuality "1"]
[TimeControl "40/5400+30:1800+30"]

{[%evp 9,55,22,30,32767,31,32767,32767,32767,33,15,10,16,84,-1,81,26,32767,42,401,414,576,608,555,613,1002,612,685,610,637,690,2042,697,5485,1014,2239,901,866,762,871,930,929,948,933,1047,1155,1566,1456,1807]} 1. e4 {[%emt 0:00:00]} c5 {[%emt 0:00:08]} 2. Nc3 {[%emt 0:00:00]} d6 {[%emt 0:00:17]} 3. g3 {[%emt 0:00:00]} Nf6 {[%emt 0:00:34]} 4. Bg2 {[%emt 0:00:00]} e6 {[%emt 0:00:58]} 5. Nge2 {[%emt 0:01:06]} Be7 {[%emt 0:01:05]} 6. O-O {[%emt 0:00:32]} O-O {[%emt 0:00:15]} 7. d4 {[%emt 0:00:50]} cxd4 {[%emt 0:00:07]} 8. Nxd4 {[%emt 0:00:05]} a6 {[%emt 0:00:42]} 9. Be3 {[%emt 0:03:44]} Nbd7 {[%emt 0:00:46]} 10. f4 {[%emt 0:02:49] B80: Sicilian Scheveningen: 6 g3 and 6 Be3, including English Attack} Qc7 {[%emt 0:00:55] LiveBook: 3 Games} (10... Nb6 $11 11. Kh1 g6 12. b3 e5 13. Nde2 exf4 14. Nxf4 Bd7 15. a4 Bc6 16. a5 Nbd7 17. Ncd5 Re8 {1-0 (39) Popovic,P (2545)-Ilincic,Z (2565) Niksic 1997}) 11. h3 {[%emt 0:01:42]} ({Besser ist} 11. g4 $14) 11... Rb8 {[%emt 0:05:37]} (11... Nb6 $11 {remains equal.}) 12. a4 {[%emt 0:06:04]} b6 $146 {[%emt 0:08:40]} ({Predecessor:} 12... Re8 13. g4 Nb6 14. g5 Nfd7 15. Kh1 {½-½ (43) Belkhodja,S (2385)-Santana Otero,O (2230) Mendoza 1985}) 13. e5 {[%emt 0:02:41]} (13. g4 $16) 13... Nd5 $2 {[%emt 0:04:44]} (13... dxe5 $14 14. Nc6 Bd6) 14. Bxd5 {[%emt 0:07:45]} Nxe5 {[%emt 0:06:46]} 15. fxe5 {[%emt 0:01:08]} exd5 {[%emt 0:00:28]} 16. Nxd5 {[%emt 0:01:34]} Qd7 {[%emt 0:01:11]} 17. e6 {[%emt 0:07:10]} fxe6 {[%emt 0:01:19]} 18. Nxe7+ {[%emt 0:00:38]} Qxe7 {[%emt 0:00:15]} 19. Nc6 {[%emt 0:00:16]} Qc7 {[%emt 0:00:19]} 20. Rxf8+ {[%emt 0:00:36]} Kxf8 {[%emt 0:00:06]} 21. Nxb8 {[%emt 0:04:35]} Bb7 {[%emt 0:00:08]} 22. Qd3 {[%emt 0:01:11]} Kg8 {[%emt 0:01:22]} 23. Rd1 {[%emt 0:04:30]} d5 {[%emt 0:02:06]} 24. Bf4 {[%emt 0:01:38]} e5 {[%emt 0:00:17]} 25. Nxa6 {[%emt 0:03:38]} Qd6 {[%emt 0:05:08]} 26. Qe2 {[%emt 0:04:37]} d4 {[%emt 0:10:39]} 27. Qxe5 {[%emt 0:00:43]} Qc6 {[%emt 0:01:23]} 28. Qb8+ $18 {[%emt 0:01:41]} 1-0

[Event "9. Korbacher Open 2017"]
[Site "Korbach"]
[Date "2017.10.19"]
[Round "1"]
[White "Schmidt, Matthias"]
[Black "Meyer, Marcel"]
[Result "0-1"]
[WhiteElo "2031"]
[BlackElo "1740"]
[Annotator "NA"]
[PlyCount "54"]
[EventDate "2017.??.??"]
[EventType "swiss"]
[EventCountry "GER"]
[SourceTitle "playchess.com"]
[Source "ChessBase"]
[SourceQuality "1"]
[TimeControl "40/5400+30:1800+30"]

{[%evp 14,54,0,32767,-14,-22,-22,-89,-100,-86,-89,-134,-102,-116,-125,-122,-96,-89,37,-80,-18,0,84,4,32767,-51,-35,-6,-27,-31,-15,-47,-56,-65,-74,-83,-43,32767,-125,-113,-127,-29992,-1112]} 1. e4 {[%emt 0:00:00]} c6 {[%emt 0:00:26]} 2. d4 {[%emt 0:00:00]} d5 {[%emt 0:00:14]} 3. Nc3 {[%emt 0:00:00]} dxe4 {[%emt 0:00:10]} 4. Nxe4 {[%emt 0:00:12]} Bf5 {[%emt 0:00:08]} 5. Ng3 {[%emt 0:00:54]} Bg6 {[%emt 0:00:09]} 6. h4 {[%emt 0:02:07]} h6 {[%emt 0:00:16]} 7. h5 {[%emt 0:05:29]} Bh7 {[%emt 0:00:08] LiveBook: 402 Games} 8. Bc4 {[%emt 0:05:09] B18: Caro-Kann (Hauptvariante)} (8. Nf3 e6 9. Bd3 Bxd3 10. Qxd3 Nf6 11. Bd2 Be7 12. O-O-O O-O 13. Ne4 Nxe4 14. Qxe4 Qd5 15. Qxd5 cxd5 16. g4 Nc6 17. c3 Rac8 18. Rdg1 f6 19. Bf4 e5 20. Be3 Bd6 {0-1 (44) Savchenko,B (2585)-Popov,I (2609) Sochi 2017}) 8... Nd7 {[%emt 0:02:34]} 9. N1e2 $146 {[%emt 0:12:17]} ({Vorgänger:} 9. Nf3 Qc7 10. Rh4 e6 11. Bf4 Bd6 12. Bxd6 Qxd6 13. Kf1 Ngf6 14. Qe2 O-O 15. Ne5 Nd5 16. Ne4 Qe7 17. g3 Nxe5 18. dxe5 {½-½ (45) Zell,R-Stegmann,V Wuerzburg 1989}) 9... Ngf6 {[%emt 0:02:01]} 10. Nf4 {[%emt 0:06:19]} e5 {[%emt 0:05:37]} 11. dxe5 {[%emt 0:10:51]} Nxe5 {[%emt 0:00:43]} 12. Qe2 {[%emt 0:10:59]} Bd6 {[%emt 0:04:40]} 13. Be3 {[%emt 0:10:02]} O-O {[%emt 0:05:44]} 14. O-O-O {[%emt 0:00:48]} Nxc4 {[%emt 0:04:38]} 15. Qxc4 {[%emt 0:00:15]} Qc7 {[%emt 0:01:00]} ({Besser ist} 15... Qe7 $17) 16. Ng6 {[%emt 0:15:40]} (16. Ne6 $1 $11 fxe6 17. Qxe6+ Rf7 18. Qxd6) 16... Rfe8 {[%emt 0:07:54]} 17. Nf5 {[%emt 0:02:33]} Re4 {[%emt 0:06:09]} (17... b5 $1 $11 {remains equal.} 18. Qc3 Be5 19. Nxe5 Bxf5) 18. Rd4 {[%emt 0:07:59]} ({Wrong is} 18. Rxd6 $2 Rxc4 19. Nfe7+ {[#]} Qxe7 $1 $19 {[%mdl 512]}) 18... b5 {[%emt 0:08:09]} 19. Qd3 {[%emt 0:01:44]} ({Better is} 19. Qc3 $11 Rxd4 20. Qxd4 fxg6 21. hxg6 (21. Qxd6 Qxd6 22. Nxd6 gxh5 $11) 21... Bxg6 22. Qxd6 Qxd6 23. Nxd6) 19... fxg6 {[%emt 0:09:55]} 20. Nxd6 {[%emt 0:00:30]} Rxd4 {[%emt 0:01:24]} 21. Qxd4 {[%emt 0:00:16]} Rd8 {[%emt 0:04:14]} 22. Rd1 {[%emt 0:00:54]} Nd5 {[%emt 0:09:31]} 23. hxg6 {[%emt 0:00:30]} Bxg6 {[%emt 0:01:05]} 24. Ne4 {[%emt 0:00:27]} Re8 {[%emt 0:03:54]} 25. Nc5 {[%emt 0:03:38]} Nxe3 {[%emt 0:02:12]} 26. fxe3 {[%emt 0:00:10]} Qg3 {[%emt 0:01:33]} 27. Re1 {[%emt 0:00:38]} (27. e4 $17) 27... Qxe1+ {Qc3} 0-1

[Event "9. Korbacher Open 2017"]
[Site "Korbach"]
[Date "2017.10.19"]
[Round "1"]
[White "Stahnke, Thorsten"]
[Black "Aardenburg, Piet"]
[Result "1/2-1/2"]
[WhiteElo "2026"]
[BlackElo "1782"]
[Annotator "NA RC"]
[PlyCount "128"]
[EventDate "2017.??.??"]
[EventType "swiss"]
[EventCountry "GER"]
[SourceTitle "playchess.com"]
[Source "ChessBase"]
[SourceQuality "1"]
[TimeControl "40/5400+30:1800+30"]

{[%evp 11,128,14,32767,12,9,2,0,0,0,0,66,43,58,28,41,0,0,0,8,0,6,-18,-1,-37,0,0,33,23,46,32767,32767,32767,31,32767,32767,32767,32767,34,68,68,162,171,145,85,117,95,106,99,175,136,148,137,208,202,208,160,650,53,742,-448,-440,-1155,-1293,-1379,-80,-1242,-8,-19,0,0,0,0,88,88,79,56,58,57,76,62,93,51,45,33,53,54,53,52,31,6,0,0,5,0,8,12,0,0,0,0,0,8,8,0,0,0,0,8,8,0,0,0,0,0,0,0,0,0,0]} 1. c4 {[%emt 0:00:00]} e6 {[%emt 0:02:16]} 2. Nc3 {[%emt 0:00:09]} d5 {[%emt 0:00:55]} 3. d4 {[%emt 0:01:18]} Nf6 {[%emt 0:00:33]} 4. Bg5 {[%emt 0:00:23]} c6 {[%emt 0:01:21]} 5. e3 {[%emt 0:00:22]} Nbd7 {[%emt 0:00:33]} 6. Nf3 {[%emt 0:01:33]} Qa5 {[%emt 0:05:54]} 7. Bxf6 {[%emt 0:01:44]} Nxf6 {[%emt 0:02:25]} 8. Nd2 {[%emt 0:00:22]} Bb4 {[%emt 0:08:22]} 9. Qc2 {[%emt 0:00:23] LiveBook: 31 Games} O-O {[%emt 0:05:34]} 10. Bd3 {[%emt 0:09:09]} dxc4 {[%emt 0:07:04]} (10... Qc7 $11) 11. Nxc4 {[%emt 0:02:06]} Qh5 {[%emt 0:06:57] D52: Queen's Gambit Declined: Cambridge Springs Variation} 12. a3 {[%emt 0:05:48]} (12. O-O c5 13. Ne4 Nxe4 14. Bxe4 cxd4 15. exd4 Rb8 16. Rad1 Bd7 17. d5 Rfc8 18. Qb3 Bb5 19. Qxb4 Bxc4 20. Rfe1 Bxd5 21. Bxd5 exd5 {½-½ (22) Lagno,K (2507)-Looshnikov,N (2462) Satka 2008}) 12... Be7 {[%emt 0:04:15]} 13. Ne2 {[%emt 0:14:32]} c5 $146 {[%emt 0:03:17]} ({Predecessor:} 13... Qh4 14. Nf4 Nd5 15. g3 Qh6 16. Ne5 Nxf4 17. gxf4 f6 18. Nf3 Qh5 19. Rg1 {1-0 (32) Cedikova,K-Cecil,P Klatovy 1996}) 14. Ng3 {[%emt 0:04:41]} Qh6 {[%emt 0:03:22]} 15. dxc5 {[%emt 0:01:24]} Bxc5 {[%emt 0:00:57]} 16. b4 {[%emt 0:00:28]} Be7 {[%emt 0:00:21]} 17. Na5 {[%emt 0:00:51]} Bd8 {[%emt 0:05:38]} 18. Ne4 {[%emt 0:07:20]} Ne8 {[%emt 0:07:13]} 19. O-O {[%emt 0:01:59]} f5 {[%emt 0:07:41]} 20. Ng3 {[%emt 0:05:15]} Nf6 {[%emt 0:00:22]} 21. Bc4 {[%emt 0:00:57]} Kh8 {[%emt 0:02:12]} 22. Rfd1 {[%emt 0:03:51]} Bc7 {[%emt 0:01:28]} 23. Nf1 {[%emt 0:01:53]} Bb6 {[%emt 0:04:44]} 24. Be2 {[%emt 0:03:39]} e5 {[%emt 0:01:49] [#]} 25. Nc4 $1 {[%emt 0:00:29]} e4 {[%emt 0:01:58]} (25... f4 $16) 26. Nxb6 {[%emt 0:00:41]} axb6 {[%emt 0:00:01]} 27. Rd6 {[%emt 0:01:06]} (27. Qc7 $18 {is more deadly.}) 27... f4 {[%emt 0:06:24]} 28. exf4 {[%emt 0:01:49]} Qxf4 {[%emt 0:00:05]} 29. Qd2 {[%emt 0:05:05]} Qh4 {[%emt 0:02:49]} (29... Qe5 $16 {was worth a try.} 30. Rc1 Qe7) 30. Qe3 {[%emt 0:05:02]} Bf5 {[%emt 0:01:07]} 31. Qxb6 {[%emt 0:01:59]} Ng4 {[%emt 0:01:27] [#]} 32. Bxg4 $1 {[%emt 0:06:11]} Bxg4 {[%emt 0:00:03]} 33. Qe3 {[%emt 0:00:26]} Rf3 $2 {[%emt 0:03:35]} (33... Qe7 $16 34. Rd2 Bd7) 34. Qd4 $2 {[%emt 0:05:17]} (34. gxf3 $18 Bxf3 35. Qc1) 34... Raf8 $2 {[%emt 0:01:58]} (34... e3 $16 35. Nxe3 Qxf2+ 36. Kh1 Raf8) 35. Nd2 $4 {[%emt 0:02:38]} (35. gxf3 $18 Bxf3 36. Qe5) 35... Rd3 {[%emt 0:00:37]} 36. Qb6 {[%emt 0:03:05]} (36. Rf1 $142 Rxd4 37. Rxd4) 36... Rxd6 {[%emt 0:00:17]} 37. Qxd6 {[%emt 0:00:02]} Qxf2+ {[%emt 0:00:13]} 38. Kh1 {[%emt 0:00:01]} Be2 $2 {[%emt 0:01:45]} (38... e3 $19 39. Qxf8+ Qxf8) 39. h3 $1 {[%emt 0:03:45]} e3 {[%emt 0:01:48]} 40. Ne4 {[%emt 0:00:02]} Qf4 {[%emt 0:30:37]} 41. Re1 {[%emt 0:31:25]} Rf6 {[%emt 0:00:00]} (41... Qxd6 $11 {bleibt in der Remisbreite.} 42. Nxd6 Rf1+ 43. Rxf1 Bxf1) 42. Qxf4 {[%emt 0:00:00]} Rxf4 {[%emt 0:00:00]} 43. Ng3 {[%emt 0:00:00]} Bb5 {[%emt 0:00:00]} 44. Rxe3 {[%emt 0:00:00]} g6 {[%emt 0:00:00]} 45. Kg1 {[%emt 0:00:00]} Bc6 {[%emt 0:00:00]} 46. Re5 {[%emt 0:00:00]} Kg7 {[%emt 0:00:00]} 47. Re7+ {[%emt 0:00:00]} (47. Ne2 $5 {[%cal Re2f4]} Kf6 48. Rc5 $16 (48. Nxf4 Kxe5 49. g3 Kd4 $11)) 47... Kg8 {[%emt 0:00:00]} 48. Ne2 {[%emt 0:00:00]} Rc4 {[%emt 0:00:00]} 49. Kf2 {[%emt 0:00:00]} Rc2 {[%emt 0:00:00]} 50. h4 {[%emt 0:00:00]} (50. a4 $5) 50... Ra2 {[%emt 0:00:00]} 51. Re3 {[%emt 0:00:00]} Bb5 {[%emt 0:00:00]} 52. g4 {[%emt 0:00:00]} Bxe2 {[%emt 0:00:00]} 53. Rxe2 {[%emt 0:00:00]} Rxa3 {[%emt 0:00:00]} 54. Re7 {[%emt 0:00:00]} Rh3 {[%emt 0:00:00]} 55. Rxb7 {[%emt 0:00:00]} Rxh4 {[%emt 0:00:00]} 56. Kg3 {[%emt 0:00:00]} Rh1 {[%emt 0:00:00]} 57. Kf4 {[%emt 0:00:35]} h5 {[%emt 0:00:00]} 58. gxh5 {[%emt 0:03:19]} Rxh5 {[%emt 0:00:00]} 59. b5 {[%emt 0:00:32]} Kf8 {[%emt 0:00:00]} 60. b6 {[%emt 0:01:11]} Rb5 {[%emt 0:00:00]} 61. Rb8+ {[%emt 0:00:21]} Kf7 {[%emt 0:00:00]} 62. b7 {[%emt 0:00:17]} Kg7 {[%emt 0:00:17]} 63. Ke4 {[%emt 0:01:32]} g5 {[%emt 0:01:55]} 64. Ke3 $11 {[%emt 0:00:24]} Kh7 {[%emt 0:00:13]} 1/2-1/2